000 00355pab a2200157 454500
008 180718b1997 xxu||||| |||| 00| 0 eng d
100 _aRanadive, Vimal
245 _aTrade unions and working women
260 _c1997
300 _ap.26-28
362 _aOct
650 _aWomen
650 _aTrade unions
773 _aSocial Welfare
909 _a35686
999 _c35686
_d35686